Online
Catalog

Frontera y globalizacion / (Record no. 12488)

MARC details
000 -CABECERA
campo de control de longitud fija 01726cam a2200349 a 4500
001 - NÚMERO DE CONTROL
campo de control 000012840
005 - FECHA Y HORA DE LA ÚLTIMA TRANSACCIÓN
campo de control 20200929163102.0
008 - DATOS DE LONGITUD FIJA--INFORMACIÓN GENERAL
campo de control de longitud fija 020920s2002 mx b i000 0 spa
010 ## - NÚMERO DE CONTROL DE LA BIBLIOTECA DEL CONGRESO
Número de control de LC 2002488397
020 ## - NÚMERO INTERNACIONAL ESTÁNDAR DEL LIBRO
Número Internacional Estándar del Libro 9686384596
040 ## - FUENTE DE LA CATALOGACIÓN
Centro catalogador/agencia de origen DO-SdBNP
Centro/agencia transcriptor DLC
Centro/agencia modificador DLC
043 ## - CÓDIGO DE ÁREA GEOGRÁFICA
Código de área geográfica n-mx---
050 00 - SIGNATURA TOPOGRÁFICA DE LA BIBLIOTECA DEL CONGRESO
Número de clasificación F1236
Número de documento/Ítem .F78 2002
245 00 - MENCIÓN DE TÍTULO
Título Frontera y globalizacion /
Mención de responsabilidad, etc. Leopoldo Zea, Hernan Taboada, compiladores.
250 ## - MENCIÓN DE EDICIÓN
Mención de edición 1. ed.
260 ## - PUBLICACIÓN, DISTRIBUCIÓN, ETC.
Lugar de publicación, distribución, etc. Mexico, D.F. :
Nombre del editor, distribuidor, etc. Instituto Panamericano de Geografia e Historia :
-- Fondo de Cultura Economica,
Fecha de publicación, distribución, etc. 2002.
300 ## - DESCRIPCIÓN FÍSICA
Extensión 167 p. ;
Dimensiones 22 cm.
490 1# - MENCIÓN DE SERIE
Mención de serie Coleccion tierra firme. Latinoamerica en la globalizacion y el tercer mundo ;
Designación de volumen o secuencia t. 1
504 ## - NOTA DE BIBLIOGRAFÍA, ETC.
Nota de bibliografía, etc. Includes bibliographical references.
505 0# - NOTA DE CONTENIDO CON FORMATO
Nota de contenido con formato La frontera en la globalizacion / Leopoldo Zea -- Epistemologia del concepto frontera en el pensamiento latinoamericano / Alberto Saladino Garcia -- El discurso de la liminalidad y de la simultaneidad / Krystof Kulawik -- El proceso de la modernizacion y los cambios del modelo politico y economico de Mexico / Xu Shicheng.
651 #0 - PUNTO DE ACCESO ADICIONAL DE MATERIA--NOMBRE GEOGRÁFICO
Nombre geográfico Mexico
Subdivisión general Politics And Government
Subdivisión cronológica 1988-2000.
9 (RLIN) 29693
651 #0 - PUNTO DE ACCESO ADICIONAL DE MATERIA--NOMBRE GEOGRÁFICO
Nombre geográfico Mexico
Subdivisión general Economic Policy.
9 (RLIN) 29694
650 #0 - PUNTO DE ACCESO ADICIONAL DE MATERIA--TÉRMINO DE MATERIA
Término de materia o nombre geográfico como elemento de entrada Social change
Subdivisión geográfica Mexico
Subdivisión general History
Subdivisión cronológica 20th century.
9 (RLIN) 29695
650 #0 - PUNTO DE ACCESO ADICIONAL DE MATERIA--TÉRMINO DE MATERIA
Término de materia o nombre geográfico como elemento de entrada Globalization.
9 (RLIN) 29696
650 #0 - PUNTO DE ACCESO ADICIONAL DE MATERIA--TÉRMINO DE MATERIA
Término de materia o nombre geográfico como elemento de entrada Frontier thesis.
9 (RLIN) 29697
700 1# - PUNTO DE ACCESO ADICIONAL--NOMBRE DE PERSONA
Nombre de persona Zea, Leopoldo,
Fechas asociadas al nombre 1912-
9 (RLIN) 3675
700 1# - PUNTO DE ACCESO ADICIONAL--NOMBRE DE PERSONA
Nombre de persona Taboada, Hernan.
9 (RLIN) 3676
710 2# - PUNTO DE ACCESO ADICIONAL--NOMBRE DE ENTIDAD CORPORATIVA
Nombre de entidad corporativa o nombre de jurisdicción como elemento de entrada Pan American Institute of Geography and History.
9 (RLIN) 3449
710 2# - PUNTO DE ACCESO ADICIONAL--NOMBRE DE ENTIDAD CORPORATIVA
Nombre de entidad corporativa o nombre de jurisdicción como elemento de entrada Fondo de Cultura Economica (Mexico)
9 (RLIN) 21436
830 #0 - PUNTO DE ACCESO ADICIONAL DE SERIE-TÍTULO UNIFORME
Título uniforme Coleccion Tierra firme (Fondo de Cultura Economica (Mexico)).
Nombre de parte o sección de la obra Latinoamerica en la globalizacion y el tercer mundo ;
Designación de volumen o secuencia t. 1.
9 (RLIN) 29698
910 ## - DATOS DE OPCIÓN DEL USUARIO (OCLC)
Datos de opción del usuario Catalogación por copia / LC
Holdings
Estado de retiro Estado de pérdida Restricciones de uso No para préstamo Código de colección Localización permanente Ubicación/localización actual Ubicación en estantería Fecha de adquisición Número de inventario Total de préstamos Signatura topográfica completa Código de barras Fecha visto por última vez Precio válido a partir de Tipo de ítem Koha
    Préstamo interno   Monografías: Libros y Folletos General General En catalogación 17.11.2009 LF1   12840-10 25.06.2020 25.06.2020 Préstamo interno

Powered by Koha